|
|
|
|
| LEADER |
00000nam a2200000 a 4500 |
| 001 |
vtls001380669 |
| 003 |
SK-MaSNL |
| 005 |
20260301161354.0 |
| 008 |
240313s1965 xx 00000 und |
| 035 |
|
|
|a SNK000334666
|
| 040 |
|
|
|a SNK
|b slo
|c SNK
|e AACR2
|
| 080 |
|
|
|a 82-92
|2 1981
|
| 080 |
|
|
|a (075.8)
|2 1981
|
| 100 |
1 |
|
|a Štorkán, Karel,
|d 1923-2007
|4 aut
|9 121041
|
| 245 |
1 |
|
|a Tradice, proměny, budoucnost reportáže
|c Karel Štorkán
|
| 250 |
|
|
|a 1. vyd.
|
| 260 |
|
|
|a Praha
|b Státní pedagogické nakladatelství
|c 1965
|
| 300 |
|
|
|a 107 s.
|c 30 cm
|
| 366 |
|
|
|e 270 výt.
|
| 521 |
2 |
|
|a Pro posluchače Institutu osvěty a novinářství
|
| 650 |
0 |
7 |
|a reportáže
|2 SNKPH
|9 75670
|
| 655 |
|
7 |
|a učebnice vysokých škôl
|2 SNKPH
|9 70191
|
| 710 |
2 |
|
|a Universita Karlova (Praha, Česko).
|b Fakulta osvěty a novinářství
|4 pbl
|9 460766
|
| 852 |
|
|
|a Štátna vedecká knižnica v Banskej Bystrici
|
| 958 |
|
|
|a OND
|
| 999 |
|
|
|c 809174
|d 811104
|
| 952 |
|
|
|t P60, <04>, [BOOK], {604}
|a SNK
|b SNK
|y VYP
|7 0
|p 17A0223676
|o snkIB 17015
|0 0
|1 0
|4 0
|d 2000-01-13
|l 0
|r 2005-01-02 00:00:00
|w 2026-02-24
|
| 952 |
|
|
|t P60, <04>, [BOOK], {604}
|a SNK
|b SNK
|y VYP
|7 0
|p 17A0445734
|o snkIB 17015 D1
|i snkKIP 3938/65
|0 0
|1 1
|4 0
|d 2004-10-08
|l 0
|r 2005-01-02 00:00:00
|w 2026-02-24
|